| 000 | 01257cam a22002891a 4500 | ||
|---|---|---|---|
| 001 | e 19000609 | ||
| 003 | DLC | ||
| 005 | 20260227111210.0 | ||
| 008 | 841029s1919 dcu f000 0 eng c | ||
| 010 | _ae 19000609 | ||
| 035 | _a(OCoLC)11321837 | ||
| 040 |
_aLibrary, U.S. Bur. of Education _cABAU _dABAU _dDLC |
||
| 042 | _apremarc | ||
| 050 | 0 | 0 |
_aL111 _b.A6 1919, no. 43 |
| 051 |
_aLA692 _b.K3 |
||
| 100 | 1 |
_aKandel, Isaac Leon, _d1881- |
|
| 245 | 1 | 0 |
_aEducation in France in 1916-1918 / _cby I.L. Kandel. |
| 260 |
_aWashington : _bG.P.O., _c1919. |
||
| 300 |
_a19 p. ; _c23 cm. |
||
| 490 | 1 |
_aBulletin / Department of the Interior, Bureau of Education ; _v1919, no. 43 |
|
| 500 | _a"Advance sheets from the Biennial survey of education, 1916-1918." | ||
| 500 | _aCopy 2 of L111.A6 bound with: Bulletin / United States. Bureau of Education, 1919, no. 42-1919, no. 49, subsequent to publication. | ||
| 501 |
_aCopy 1 of L111.A6 with: Training little children / United States. Bureau of Education. Washington : Govt. Print. Off., 1919. Bound together subsequent to publication. _5DLC |
||
| 504 | _aIncludes bibliographical references. | ||
| 650 | 0 |
_aEducation _zFrance. |
|
| 830 | 0 |
_aBulletin (United States. Bureau of Education) ; _v1919, no. 43 |
|
| 999 |
_c20321 _d20321 |
||